Teatro

Saved in:
Bibliografiske detaljer
Hovedforfatter: Sartre, Jean-Paul (Author)
Format: Bog
Sprog:spansk
Udgivet: Buenos Aires Losada 1957
Serier:Gran Teatro del Mundo
Fag:
Tags: Tilføj Tag
Ingen Tags, Vær først til at tagge denne postø!

MARC

LEADER 00000nam a2200000 a 4500
001 UCR7477
003 CL-VaPUC
008 980515e19570000AG |||||||||||||||||spa|d
082 0 4 |a 842  |b SAR  |2 21 
100 0 |a Sartre, Jean-Paul  |e author  |9 269377 
245 1 0 |a Teatro 
300 |a v 
942 |c BK 
945 |d 19980515 00:00:00  |a mvenant 
260 |a Buenos Aires  |b Losada  |c 1957 
500 |a v.3: Nekrasof - Nean 
650 7 |a DRAMAS FRANCESES  |2 CL-VaPUC  |9 267189 
583 |a last modification  |c 20111130 10:31:45  |k Rodrigo Vera 
490 0 |a Gran Teatro del Mundo 
999 |c 269087  |d 269085 
952 |0 0  |1 0  |4 0  |6 842_000000000000000_SAR_1957  |7 0  |8 A  |9 302708  |a BIBART  |b BIBART  |d 2019-11-20  |h v.3  |i 3427250  |o 842 SAR 1957  |p 3427250  |r 2025-03-13  |w 2019-11-20  |y BK  |k ART